| 000 | 02242nam a2200493Ii 4500 | ||
|---|---|---|---|
| 001 | DIGUANDES349 | ||
| 003 | NyNyDIG | ||
| 006 | m o d | ||
| 008 | 191114s2007 ck ab ob 000 0 spa d | ||
| 007 | cr ||||||||||| | ||
| 035 | _a(OCoLC)1127854510 | ||
| 040 |
_aDGITA _beng _erda _epn _cDGITA |
||
| 020 |
_a9789587744026 _q(ebook ; _qpdf) |
||
| 020 |
_a9587744020 _q(ebook ; _qpdf) |
||
| 020 | _z9789586952965 | ||
| 020 | _z9586952967 | ||
| 043 | _as-ck--- | ||
| 050 | 1 | 4 | _aF2270.2.C5 ebook |
| 082 | 0 | 4 | _a986.100498 |
| 100 | 1 |
_aNiño Vargas, Juan Camilo, _eauthor. |
|
| 245 | 1 | 0 |
_aOoyoriyasa : _bcosmología e interpretación onírica entre los ette del norte de Colombia / _cJuan Camilo Niño Vargas. |
| 250 | _aPrimera edición. | ||
| 264 | 1 |
_aBogotá, D.C., Colombia : _bUniversidad de los Andes, Facultad de Ciencias Sociales, Departamento de Antropología, Centro de Estudios Socioculturales e Internacionales (CESO) : _bEdiciones Uniandes, _cseptiembre de 2007. |
|
| 300 |
_a1 online resource : _billustrations, maps. |
||
| 336 |
_atext _btxt _2rdacontent |
||
| 337 |
_acomputer _bc _2rdamedia |
||
| 338 |
_aonline resource _bcr _2rdacarrier |
||
| 347 |
_atext file _2rdaft |
||
| 347 | _bPDF | ||
| 490 | 1 | _aColección Prometeo | |
| 504 | _aIncludes bibliographical references. | ||
| 588 | 0 | _aOnline resource; title from PDF title page (Digitalia, viewed November 15, 2019) | |
| 650 | 0 |
_aChimila Indians _xSocial life and customs. |
|
| 650 | 0 | _aChimila cosmology. | |
| 650 | 0 |
_aDream interpretation _zColombia _zAtlantic Coast Region. |
|
| 655 | 0 | _aElectronic books. | |
| 791 | 2 |
_aDigitalia (Firm), _edistributor. |
|
| 793 | 0 |
_gDigitalia eBook Collection: _aUniversidad de los Andes |
|
| 776 | 0 | 8 |
_iPrint version: _aNiño Vargas, Juan Camilo. _tOoyoriyasa. _bPrimera edición. _dBogotá : Universidad de los Andes, Facultad de Ciencias Sociales, Departamento de Antropología, Centro de Estudios Socioculturales e Internacionales (CESO) : Ediciones Uniandes, 2016 _z9789586952965 _w(DLC) 2008449561 _w(OCoLC)231444144 |
| 830 | 0 | _aColección Prometeo (Bogotá, Colombia) | |
| 856 | 4 | 0 |
_3Digitalia Hispánica _uhttps://www.digitaliapublishing.com/a/59714/ |
| 910 | _aPremium collection: 2019 | ||
| 942 | _cRAA | ||
| 999 |
_c256455 _d256455 |
||